000 00630cam a22002052 4500
001 0000006306
005 20151217145832.0
008 071016s xx 000 0 eng d
020 _a8176351504 :
_cKES
040 _aKABU
_cKABU
100 1 _aPerry, Greg.
_@0000157728
245 1 0 _aSams teach yourself Visual Basic 6 in 21days /
_cGreg Perry.
260 _aNew Delhi :
_bTechmedia,
_c1998.
300 _axvii, 851 p.
650 0 _aMicrosoft Visual BASIC.
_@0000154360
650 0 _aBASIC (Computer program language)
_@0000072309
908 _a071016
950 _@1
999 _c3101
_d3101